00346nam a2200133Ia 4500008004100000020001500041041001200056082001600068100001600084245005900100260003800159300000800197650000700205221030s9999 xx 000 0 und d a8174462007 aEnglish a105.23bYad aD. S. Yadav 0aFundamentals of Information Technologycby D. S. Yadav bNew Age International Pub.c2000 a463 aIT